[Event "EU-ch blitz"]
[Site "Skopje"]
[Date "2018.12.07"]
[Round "18"]
[White "Djukic, Nikola"]
[Black "Dimitrov, Radoslav"]
[Result "1-0"]
[WhiteElo "2574"]
[BlackElo "2534"]
[PlyCount "111"]
[EventDate "2018.12.06"]
[EventType "swiss (blitz)"]
[EventRounds "22"]
[EventCountry "MKD"]
[SourceTitle "CBM 187 Extra"]
[Source "ChessBase"]
[SourceDate "2018.11.04"]
[SourceVersion "1"]
[SourceVersionDate "2018.11.04"]
[SourceQuality "1"]

1. Nf3 Nf6 2. g3 b5 3. Bg2 Bb7 4. d3 d5 ({RR} 4... g6 5. e4 d6 6. O-O Nbd7 7. a4 b4 8. a5 c5 9. Re1 Bg7 10. Nbd2 O-O 11. Nc4 Ng4 12. Bf4 Ba6 13. Qc1 Bxc4 14. dxc4 Nge5 15. Nxe5 Nxe5 16. Bxe5 Bxe5 17. a6 Rb8 18. f4 Bg7 19. Kh1 {Demidov,M (2546)-Andreikin,D (2729) chess.com INT 2024 0-1 (42)}) 5. c3 e6 6. a4 b4 7. O-O $146 ({RR} 7. a5 Na6 8. O-O Bd6 9. Nbd2 O-O 10. Nb3 c5 11. Nfd2 Qc7 12. e4 e5 13. exd5 Bxd5 14. Bxd5 Nxd5 15. c4 Ne7 16. Ne4 f5 17. Ng5 Rf6 18. Qe2 h6 19. Nf3 Nc6 20. Bd2 Qd7 21. Rae1 Kf8 {Valencia,B (2245)-Gardner,R (2149) Edmonton 2015 1-0 (47)}) 7... a5 8. Nbd2 Nbd7 9. Nb3 Be7 10. Bd2 c5 11. Re1 O-O 12. Qc2 Rc8 13. c4 dxc4 14. dxc4 Be4 15. Qc1 Qb6 16. Bf4 Rfd8 17. Nbd2 Bc6 18. b3 Nf8 19. Ne5 Bxg2 20. Kxg2 Ng6 21. Nxg6 hxg6 22. Nf3 Ne4 23. Qe3 Nc3 24. Be5 Bf6 25. Bxf6 gxf6 26. h4 Qc6 27. Rac1 Kg7 28. Kg1 Rd7 29. Nh2 f5 30. Nf3 Qe4 31. Rxc3 bxc3 32. Qxc3+ f6 33. Qxa5 f4 34. g4 e5 35. Qc3 Rcd8 36. Qa1 Qc6 37. g5 e4 38. gxf6+ Qxf6 39. Qxf6+ Kxf6 40. Ng5 Rd1 41. Kf1 Kf5 42. f3 Rxe1+ 43. Kxe1 exf3 44. exf3 Rh8 45. Ne4 Rxh4 46. Nxc5 Rh2 47. a5 g5 48. a6 Rh7 49. b4 g4 50. fxg4+ Kxg4 51. b5 f3 52. Nd3 Kg3 53. b6 Rd7 54. b7 Rd8 55. a7 Re8+ 56. Kd1 1-0

[Event "EU-ch rapid"]
[Site "Skopje"]
[Date "2018.12.09"]
[Round "9"]
[White "Nenezic, Marko"]
[Black "Santos Ruiz, Miguel"]
[Result "1-0"]
[WhiteElo "2515"]
[BlackElo "2523"]
[PlyCount "107"]
[EventDate "2018.12.08"]
[EventType "swiss (rapid)"]
[EventRounds "13"]
[EventCountry "MKD"]
[SourceTitle "CBM 187 Extra"]
[Source "ChessBase"]
[SourceDate "2018.11.04"]
[SourceVersion "1"]
[SourceVersionDate "2018.11.04"]
[SourceQuality "1"]

1. Nf3 d5 2. g3 c6 3. Bg2 Bg4 4. O-O Nd7 5. d3 e6 6. h3 Bh5 7. b3 Ngf6 8. Bb2 Bd6 9. Nbd2 O-O 10. e4 e5 11. Qe1 Re8 12. Nh4 dxe4 ({RR} 12... Qb6 13. Nf5 Bf8 14. Kh1 Rad8 15. Ne3 Bg6 16. g4 Nc5 17. Rb1 dxe4 18. Nxe4 Ncxe4 19. dxe4 Bb4 20. c3 Bc5 21. Nf5 Qa6 22. a3 h5 23. g5 Nd5 24. b4 Bf8 25. exd5 Bxf5 26. dxc6 Bxb1 27. Qxb1 {Ftacnik,L (2610)-Adianto,U (2605) Jakarta 1996 0-1 (39)}) ({RR} 12... Bg6 13. Nxg6 hxg6 14. Qe2 a5 15. a4 Qc7 16. Rfe1 Nc5 17. Rad1 Ne6 18. Nf3 d4 19. Nd2 b5 20. Ra1 Nd7 21. h4 Nb6 22. Nf3 bxa4 23. bxa4 Nc5 24. Ng5 Nbxa4 25. Ba3 Nc3 26. Qg4 Ne6 27. h5 {Yadegar,R (2401)-Woodward,A (2544) chess.com INT 2025 0-1 (42)}) 13. dxe4 Bf8 14. f4 $146 ({RR} 14. Nf5 Qc7 15. a4 Nc5 16. f4 exf4 17. Bxf6 gxf6 18. gxf4 Bg6 19. Qg3 Rad8 20. Rf2 Rxd2 21. Rxd2 Nxe4 22. Bxe4 Rxe4 23. Rad1 Qxf4 24. Qxf4 Rxf4 25. Nd6 {½-½ (25) Akopian,V (2630)-Shipov,S (2535) Berlin 1996}) ({RR} 14. Nf5 Qc7 15. g4 Bg6 16. Ng3 Nc5 17. Qe2 Ne6 18. Nc4 Nd7 19. Rad1 f6 20. Nf5 Nf4 21. Qe3 b5 22. Nd2 Bc5 23. Qe1 Nf8 24. Nf3 N8e6 25. Kh1 h5 26. N3h4 hxg4 27. hxg4 Kf7 28. b4 Rh8 {Yedigaryan,A (1602)-Afanasieva,A (2013) Bratislava 2019 0-1 (36)}) 14... exf4 15. gxf4 Bb4 16. c3 Bc5+ 17. Kh1 Bg6 18. Nxg6 hxg6 19. b4 Bf8 20. e5 Nh5 21. Ne4 Nb6 22. Rd1 Qc8 23. Qf2 Qf5 24. Ng5 Be7 25. Ne4 Rad8 26. Bc1 Rxd1 27. Rxd1 Nd5 28. Rf1 a5 29. a3 axb4 30. cxb4 Bf8 31. Kh2 Rd8 32. Qf3 f6 33. Bb2 Nhxf4 34. exf6 gxf6 35. Bc1 Bh6 36. Bb2 Kf7 37. Qb3 Kg7 38. b5 Qh5 39. Ng3 Qg5 40. Bh1 Qh4 41. Ne4 cxb5 42. Rf3 Re8 43. Rg3 Kh7 44. Qxb5 Bg7 45. Qxe8 Qh5 46. Nf2 Qf5 47. Qe4 Qc8 48. Qf3 Qc2 49. Bd4 Bf8 50. Qb3 Qd2 51. Be3 Qe1 52. Bxd5 Ne2 53. Qxb7+ Kh8 54. Qf7 1-0

[Event "Moscow Dvoretsky Memorial"]
[Site "Moscow"]
[Date "2018.12.08"]
[Round "3"]
[White "Potkin, Vladimir"]
[Black "Popov, Ivan1"]
[Result "1-0"]
[WhiteElo "2597"]
[BlackElo "2592"]
[PlyCount "69"]
[EventDate "2018.12.08"]
[EventType "tourn (rapid)"]
[EventRounds "9"]
[EventCountry "RUS"]
[EventCategory "16"]
[SourceTitle "CBM 187 Extra"]
[Source "ChessBase"]
[SourceDate "2018.11.04"]
[SourceVersion "1"]
[SourceVersionDate "2018.11.04"]
[SourceQuality "1"]

1. d4 d5 2. c4 dxc4 3. Nf3 Nf6 4. e3 c5 5. Bxc4 cxd4 6. exd4 g6 7. Ne5 e6 8. O-O Bg7 9. Nc3 O-O 10. Bg5 ({RR} 10. Re1 Nc6 11. Be3 Bd7 12. a3 Rc8 13. Ba2 Ne7 14. Qf3 Bc6 15. Nxc6 bxc6 16. Bg5 Ned5 17. Ne4 h6 18. Bh4 g5 19. Bxd5 Nxd5 20. Bg3 f5 21. Nd6 f4 22. Nxc8 fxg3 23. Qxg3 Bxd4 24. Rf1 Qxc8 {Utnasunov,A (2442)-Popov,I (2611) Sochi 2019 0-1 (31)}) 10... h6 11. Be3 $146 ({RR} 11. Bh4 Nc6 12. Nxc6 bxc6 13. Rc1 a5 14. Bg3 Ba6 15. Bxa6 Rxa6 16. Be5 Nd5 17. Ne4 Qb6 18. b3 Rd8 19. Qf3 Ra7 20. Nc5 Raa8 21. Na4 Qa6 22. Rc4 Rac8 23. Rfc1 Bf8 24. Nc5 Bxc5 25. Rxc5 f5 {Gurel,E (2168)-Demchenko,A (2641) Chess.com INT 2020 0-1 (56)}) ({RR} 11. Bh4 Nc6 12. Nxc6 bxc6 13. Rc1 a5 14. Bg3 Ba6 15. Bxa6 Rxa6 16. Be5 Nd5 17. Ne4 Qb6 18. b3 Rd8 19. Qf3 Ra7 20. Nc5 Raa8 21. Na4 Qa6 22. Rc4 Rac8 23. Rfc1 Bf8 24. Nc5 Bxc5 25. Rxc5 f5 {Gurel,E (2168)-Demchenko,A (2641) Chess.com INT 2020 0-1 (56)}) 11... Nc6 12. Be2 Ne7 13. Bf3 Nf5 14. Qd2 Nxe3 15. Qxe3 Nd7 16. Rad1 Nxe5 17. dxe5 Qb6 18. Rfe1 Qxb2 19. h4 Qb6 20. Qf4 Qc5 21. Rd3 Rb8 22. g4 b5 23. g5 Qc4 24. Ne4 hxg5 25. hxg5 Qxd3 26. Rd1 Qc4 27. Rc1 Qa4 28. Bd1 Qa5 29. Nf6+ Bxf6 30. gxf6 Bb7 31. Be2 Rfc8 32. Rxc8+ Rxc8 33. Qh6 Rc1+ 34. Bf1 Rxf1+ 35. Kxf1 1-0

[Event "Tianjin Binhai Cup 1st"]
[Site "Tianjin"]
[Date "2018.12.28"]
[Round "4"]
[White "Ganguly, Surya Shekhar"]
[Black "Xu, Yinglun"]
[Result "1-0"]
[WhiteElo "2621"]
[BlackElo "2531"]
[PlyCount "65"]
[EventDate "2018.12.25"]
[EventType "swiss"]
[EventRounds "9"]
[EventCountry "CHN"]
[SourceTitle "CBM 188 Extra"]
[Source "ChessBase"]
[SourceDate "2019.02.26"]
[SourceVersion "1"]
[SourceVersionDate "2019.02.26"]
[SourceQuality "1"]

1. Nf3 Nf6 2. g3 d5 3. Bg2 Bf5 4. O-O c6 5. d3 e6 6. Nh4 Bg4 7. h3 Bh5 8. Qe1 Be7 9. f4 Nfd7 10. Nf3 Bxf3 ({RR} 10... f5 11. e4 Bxf3 12. Bxf3 O-O 13. Nc3 fxe4 14. dxe4 d4 15. Nd1 e5 16. Nf2 c5 17. Qe2 Nc6 18. Bg4 Kh8 19. Be6 exf4 20. gxf4 g5 21. Ng4 gxf4 22. Bxf4 Qe8 23. e5 Bh4 24. Bc4 Qg6 25. Kh1 {Kramnik,V (2808)-Adhiban,B (2671) Baku 2016 1-0 (46)}) ({RR} 10... O-O 11. Nbd2 f5 12. e4 dxe4 13. dxe4 Nc5 14. Kh2 Nba6 15. a3 Nc7 16. b4 Na4 17. Nb3 fxe4 18. Ne5 Bf6 19. Qxe4 Nd5 20. Bd2 Qc7 21. Rae1 Rae8 22. c4 Ndb6 23. Na5 Nd7 24. Qc2 Nab6 25. Ng4 {Khotenashvili,B (2420)-Gaponenko,I (2346) Monaco MNC 2025 1-0 (58)}) 11. Bxf3 h5 12. Bg2 $146 ({RR} 12. e4 dxe4 13. Bxe4 Nf6 14. Bf3 Nbd7 15. Nd2 Nd5 16. Nc4 Qc7 17. f5 exf5 18. Bxd5 cxd5 19. Ne3 O-O-O 20. Nxf5 Bc5+ 21. d4 Rhe8 22. Qd1 g6 23. Bf4 Qc6 24. Nh6 g5 25. Bxg5 Qg6 26. Nxf7 Be7 {Theodorou,N (2554)-Fedoseev,V (2687) chess24.com INT 2021 1-0 (53)}) ({RR} 12. e4 dxe4 13. Bxe4 Nf6 14. Bf3 Nbd7 15. Nd2 Nd5 16. Nc4 Qc7 17. f5 exf5 18. Bxd5 cxd5 19. Ne3 O-O-O 20. Nxf5 Bc5+ 21. d4 Rhe8 22. Qd1 g6 23. Bf4 Qc6 24. Nh6 g5 25. Bxg5 Qg6 26. Nxf7 Be7 {Theodorou,N (2554)-Fedoseev,V (2687) chess24.com INT 2021 1-0 (53)}) 12... Na6 13. Nd2 g5 14. fxg5 Bxg5 15. Qf2 Qb6 16. d4 Bf6 17. Nf3 O-O-O 18. a4 Nb4 19. a5 Qb5 20. Ne1 Na6 21. Nd3 Rdg8 22. Ra3 Rh7 23. Bf4 Nb4 24. Ne5 Nxc2 25. Rf3 Qa4 26. a6 Bxe5 27. axb7+ Kxb7 28. dxe5 Nd4 29. Ra3 Qc4 30. Rfa1 Nb5 31. Rxa7+ Nxa7 32. Rxa7+ Kc8 33. Ra8+ 1-0

[Event "Tianjin Binhai Cup 1st"]
[Site "Tianjin"]
[Date "2018.12.28"]
[Round "4"]
[White "Zhao, Jun"]
[Black "Lu, Shanglei"]
[Result "1-0"]
[WhiteElo "2607"]
[BlackElo "2636"]
[PlyCount "95"]
[EventDate "2018.12.25"]
[EventType "swiss"]
[EventRounds "9"]
[EventCountry "CHN"]
[SourceTitle "CBM 188 Extra"]
[Source "ChessBase"]
[SourceDate "2019.02.26"]
[SourceVersion "1"]
[SourceVersionDate "2019.02.26"]
[SourceQuality "1"]

1. Nf3 Nf6 2. g3 b5 3. Bg2 Bb7 4. d3 c5 5. e4 d6 6. O-O e6 7. Re1 Be7 8. a4 b4 9. Nbd2 ({RR} 9. b3 O-O 10. Bb2 Nbd7 11. Nbd2 d5 12. exd5 Bxd5 13. a5 a6 14. Nc4 Qc7 15. Qe2 Rad8 16. h3 Rfe8 17. Nfe5 Nxe5 18. Bxe5 Qb7 19. f4 Bxg2 20. Qxg2 Qxg2+ 21. Kxg2 Nd5 22. Re2 Bf6 23. Rae1 Bxe5 {Zhao,J (2638)-Dai,C (2363) Shao Xing 2022 0-1 (84)}) 9... Nc6 10. Nc4 O-O 11. b3 $146 ({RR} 11. e5 Nxe5 12. Nfxe5 Bxg2 13. Kxg2 dxe5 14. Nxe5 Qd5+ 15. Qf3 Rac8 16. b3 Qxf3+ 17. Kxf3 Nd5 18. Bb2 Bf6 19. Kg2 Rfe8 20. f4 Bxe5 21. Rxe5 f6 22. Re4 Kf7 23. Rae1 h5 24. Kf3 a5 25. h3 Rc6 {Kovalev,V (2582)-Andreikin,D (2729) chess.com INT 2023 0-1 (55)}) ({RR} 11. a5 Nd7 12. a6 Bc8 13. d4 Nb6 14. Bf1 Nxc4 15. Bxc4 Na5 16. Bf1 c4 17. Bd2 Rb8 18. Ra4 Bd7 19. Rxb4 Bb5 20. d5 Qb6 21. Qa1 Qxa6 22. Nd4 Rfc8 23. Nxb5 Rxb5 24. Rxb5 Qxb5 25. Qxa5 {1-0 (25) Tereick,B (2370)-Noiroux,K (2162) Eupen 2010}) 11... d5 12. exd5 Nxd5 13. Bb2 Bf6 14. Nfe5 Nce7 15. Qd2 Qc7 16. f4 Rad8 17. Qf2 Nf5 18. Rf1 Be7 19. Rae1 Rfe8 20. Nf3 Nb6 21. Nce5 f6 22. a5 Nd5 23. Nc4 Bf8 24. Re2 Qf7 25. Rfe1 Ba8 26. Kh1 h5 27. Rf1 Qg6 28. Qe1 Qf7 29. Qf2 Qg6 30. Qe1 Qf7 31. Nh4 Nxh4 32. gxh4 Qg6 33. Be4 Qh6 34. Ref2 Nc7 35. Bxa8 Nxa8 36. Rg2 Nc7 37. Qe4 Nd5 38. Rg6 Qh7 39. Rfg1 Kh8 40. Qf3 Rd7 41. Nd2 Bd6 42. Ne4 Rf8 43. f5 e5 44. Ng5 fxg5 45. Qxd5 g4 46. Rxd6 Rxd6 47. Qxd6 Qxf5 48. Qd5 1-0

[Event "Wch Rapid"]
[Site "St Petersburg"]
[Date "2018.12.26"]
[Round "1"]
[White "Amin, Bassem"]
[Black "Lobanov, Sergei"]
[Result "1-0"]
[WhiteElo "2710"]
[BlackElo "2526"]
[PlyCount "95"]
[EventDate "2018.12.26"]
[EventType "swiss (rapid)"]
[EventRounds "15"]
[EventCountry "RUS"]
[SourceTitle "CBM 187 Extra"]
[Source "ChessBase"]
[SourceDate "2018.11.04"]
[SourceVersion "1"]
[SourceVersionDate "2018.11.04"]
[SourceQuality "1"]

1. Nf3 d5 2. g3 Nf6 3. Bg2 c6 4. O-O Bg4 5. d3 Nbd7 6. Nbd2 e5 7. e4 Bd6 8. h3 Bh5 9. exd5 cxd5 10. c4 O-O 11. cxd5 Nxd5 12. Qb3 N5b6 13. Ne4 Be7 14. a4 a5 15. Be3 Bb4 16. d4 ({RR} 16. Rac1 Rc8 17. Rxc8 Nxc8 18. Qd5 Ncb6 19. Qb5 Re8 20. g4 Bg6 21. Rc1 h6 22. Nfd2 Re6 23. Nb3 Qa8 24. Rc7 Qd8 25. Rxb7 Kh7 26. Nxa5 Bxa5 27. Qxa5 Qc8 28. Bxb6 Qc1+ 29. Bf1 Qc6 30. Rxd7 Qxd7 {Amin,B (2694)-Yu Yangyi (2735) Biel SUI 2023 ½-½ (44)}) 16... Bxf3 $146 ({RR} 16... Bg6 17. Nxe5 Nxe5 18. dxe5 Nd7 19. Rfd1 Qe7 20. f4 Rac8 21. Rac1 h5 22. Rxc8 Rxc8 23. Nd6 Bxd6 24. Rxd6 Rc2 25. Qxb7 Bf5 26. Qa8+ Kh7 27. Be4 Nxe5 28. Bxf5+ g6 29. Bxc2 Qxd6 30. fxe5 Qxe5 31. Qf3 {Javakhadze,Z (2417)-Kozlov,D (2123) chess.com INT 2024 1-0 (33)}) ({RR} 16... exd4 17. Nxd4 Bg6 18. Nb5 Qe7 19. Bg5 Qe5 20. Bf4 Qe7 21. Bd6 Bxd6 22. Nexd6 Nc5 23. Qa3 Nd3 24. Rad1 Qe2 25. Nd4 Qe5 26. Nf3 Qf6 27. Rxd3 Bxd3 28. Qxd3 Rad8 29. Rd1 Nxa4 30. Qa3 b5 31. Rd4 {Amin,B (2673)-Kollars,D (2592) Chess.com INT 2020 1-0 (91)}) ({RR} 16... exd4 17. Nxd4 Bg6 18. Nb5 Qe7 19. Bg5 Qe6 20. Qxe6 fxe6 21. Rfd1 Rac8 22. Nec3 Bc5 23. Bf4 Bxf2+ 24. Kxf2 e5 25. Bxb7 Rb8 26. Bd5+ Kh8 27. Be4 exf4 28. Bxg6 fxg3+ 29. Kxg3 hxg6 30. Nd6 Nf6 31. Kh2 {Gasthofer,A (2453)-Beikert,G (2461) Germany 2011 ½-½ (108)}) 17. Bxf3 Kh8 18. dxe5 Nxe5 19. Bg2 Qd5 20. Qc2 Nbc4 21. Bf4 Qd3 22. Rac1 Rac8 23. Bxe5 Qxc2 24. Bxg7+ Kxg7 25. Rxc2 Nd6 26. Nc3 b5 27. Rfc1 Bxc3 28. Rxc3 bxa4 29. Bc6 Rb8 30. Rd1 Nf5 31. Rc5 Rfc8 32. Rd7 Nh6 33. h4 Rxb2 34. Rg5+ Kf8 35. Bxa4 Rc4 36. Bd1 a4 37. Ra5 Rb1 38. Kg2 Ra1 39. Bh5 Ra2 40. Rd6 Ng8 41. Rd8+ Kg7 42. Rg5+ Kf6 43. Rdxg8 Rcc2 44. R8g7 Rxf2+ 45. Kh3 Ke6 46. Rxh7 Rad2 47. Ra5 f5 48. Rh6+ 1-0

[Event "Wch Rapid"]
[Site "St Petersburg"]
[Date "2018.12.26"]
[Round "4"]
[White "Ponkratov, Pavel"]
[Black "Ghaem Maghami, Ehsan"]
[Result "1-0"]
[WhiteElo "2630"]
[BlackElo "2537"]
[PlyCount "99"]
[EventDate "2018.12.26"]
[EventType "swiss (rapid)"]
[EventRounds "15"]
[EventCountry "RUS"]
[SourceTitle "CBM 187 Extra"]
[Source "ChessBase"]
[SourceDate "2018.11.04"]
[SourceVersion "1"]
[SourceVersionDate "2018.11.04"]
[SourceQuality "1"]

1. g3 c5 2. Bg2 Nc6 3. Nf3 g6 4. O-O Bg7 5. e3 Nf6 6. d4 cxd4 ({RR} 6... O-O 7. b3 cxd4 8. exd4 d5 9. Bb2 Ne4 10. Ne5 Nxe5 11. dxe5 Be6 12. Nd2 Nxd2 13. Qxd2 Qc7 14. Rfe1 Rac8 15. Rac1 Rfd8 16. Bd4 Bf5 17. c3 b5 18. Qe3 Rd7 19. h3 h5 20. f3 Kh7 21. g4 {Bareev,E (2638)-Tan,J (2511) Chess.com INT 2020 ½-½ (47)}) 7. exd4 d5 8. Ne5 ({RR} 8. c3 O-O 9. h3 b5 10. Re1 Bb7 11. Nbd2 b4 12. Nb3 bxc3 13. bxc3 Nd7 14. Bf4 Re8 15. Rb1 Rc8 16. Ne5 Ndxe5 17. dxe5 e6 18. Nd4 Ba6 19. Qa4 Qa5 20. Qxa5 Nxa5 21. Nb5 Bxb5 22. Rxb5 Nc4 {Sammed Jaykumar,S (2391)-Javakhadze,Z (2412) chess.com INT 2025 0-1 (40)}) 8... O-O 9. h3 $146 ({RR} 9. Re1 Bf5 10. Nc3 Ne4 11. Nxe4 Bxe4 12. Nxc6 bxc6 13. Bxe4 dxe4 14. Rxe4 e5 15. Qd3 exd4 16. Bd2 Qd5 17. b3 Rfe8 18. Rae1 Rxe4 19. Rxe4 Bf6 20. Bh6 Qh5 21. Bc1 Qd5 22. h4 h5 23. Bd2 Rd8 {Young,A (2295)-Banawa,J (2370) Saint Louis 2017 ½-½}) 9... Bf5 10. g4 Bd7 11. c3 e6 12. Be3 Ne4 13. Nd3 Na5 14. Nd2 Nxd2 15. Bxd2 Bb5 16. Bf4 a6 17. Re1 Rc8 18. Rc1 Re8 19. Bg3 Bf8 20. h4 Bd6 21. g5 Bxd3 22. Qxd3 Nc4 23. b3 Bxg3 24. fxg3 Nd6 25. c4 dxc4 26. bxc4 Qc7 27. d5 Qc5+ 28. Kh2 e5 29. h5 e4 30. Qf1 Qd4 31. Qf4 Nxc4 32. Rcd1 Qe5 33. d6 Qxf4 34. gxf4 Rcd8 35. d7 Re7 36. Rxe4 Rxe4 37. Bxe4 b5 38. Bb7 a5 39. Ba6 Ne3 40. Rd3 Ng4+ 41. Kg3 gxh5 42. Bxb5 h6 43. Kh4 hxg5+ 44. fxg5 Kg7 45. Rc3 Kf8 46. Ra3 Ne5 47. Rxa5 Nxd7 48. Ba4 Ke7 49. Ra7 Kd6 50. Rxd7+ 1-0

[Event "Wch Rapid"]
[Site "St Petersburg"]
[Date "2018.12.27"]
[Round "6"]
[White "Anton Guijarro, David"]
[Black "Kamsky, Gata"]
[Result "1-0"]
[WhiteElo "2642"]
[BlackElo "2666"]
[PlyCount "81"]
[EventDate "2018.12.26"]
[EventType "swiss (rapid)"]
[EventRounds "15"]
[EventCountry "RUS"]
[SourceTitle "CBM 187 Extra"]
[Source "ChessBase"]
[SourceDate "2018.11.04"]
[SourceVersion "1"]
[SourceVersionDate "2018.11.04"]
[SourceQuality "1"]

1. e4 c5 2. Nf3 e6 3. d3 Nc6 4. g3 g6 5. Bg2 Bg7 6. O-O Nge7 7. c3 O-O 8. Re1 e5 9. a3 d6 10. b4 b6 ({RR} 10... Be6 11. b5 Nb8 12. c4 h6 13. Nc3 Nd7 14. Nd5 a6 15. Rb1 axb5 16. Rxb5 b6 17. Qb3 Ra6 18. Bd2 Nc6 19. Rb1 Na7 20. Bc3 Nxb5 21. cxb5 Bxd5 22. exd5 c4 23. Qxc4 Rxa3 24. Bb4 Ra4 25. Qb3 {Carlsen,M (2832)-Grischuk,A (2750) Chess.com INT 2017 ½-½ (39)}) ({RR} 10... cxb4 11. axb4 b5 12. Na3 Rb8 13. d4 exd4 14. Nxd4 a6 15. Nac2 a5 16. Bg5 f6 17. Be3 axb4 18. Nxc6 Nxc6 19. Qd5+ {1-0 (19) Makarian,R (2525)-Gleizerov,E (2378) Yekaterinburg RUS 2024}) 11. Nbd2 h6 12. Bb2 a6 13. Nc4 $146 ({RR} 13. bxc5 bxc5 14. Nc4 Be6 15. Ne3 Rb8 16. Qc2 Na5 17. c4 Qd7 18. Bc3 Nb3 19. Rab1 Nd4 20. Bxd4 cxd4 21. Nd5 Bxd5 22. exd5 Rfc8 23. Nd2 f5 24. Rxb8 Rxb8 25. Rb1 Rxb1+ 26. Qxb1 Qc7 27. Qb4 Bf8 {Norberg,J (2305)-Bellon Lopez,J (2381) Sweden 2015 1-0 (66)}) 13... b5 14. Ne3 a5 15. bxc5 dxc5 16. Nd5 Rb8 17. a4 b4 18. c4 Qd6 19. Nd2 Bd7 20. Nb3 g5 21. Qh5 Ng6 22. Bh3 Bxh3 23. Qxh3 Nd4 24. Bxd4 exd4 25. Qf5 Kh8 26. f4 gxf4 27. gxf4 Rbc8 28. Nxa5 Qd8 29. Nb3 Qh4 30. Re2 Rc6 31. Rg2 Qd8 32. Rg3 Ne7 33. Nxe7 Qxe7 34. Kh1 Rf6 35. Qg4 Rg6 36. Qf3 Rg8 37. a5 Bf8 38. e5 Qd7 39. Rxg6 Rxg6 40. a6 Qa7 41. Qb7 1-0

[Event "Wch Rapid"]
[Site "St Petersburg"]
[Date "2018.12.27"]
[Round "7"]
[White "Goganov, Aleksey"]
[Black "Yudin, Sergei"]
[Result "1-0"]
[WhiteElo "2612"]
[BlackElo "2507"]
[PlyCount "69"]
[EventDate "2018.12.26"]
[EventType "swiss (rapid)"]
[EventRounds "15"]
[EventCountry "RUS"]
[SourceTitle "CBM 187 Extra"]
[Source "ChessBase"]
[SourceDate "2018.11.04"]
[SourceVersion "1"]
[SourceVersionDate "2018.11.04"]
[SourceQuality "1"]

1. Nf3 {Mekhitarian,Krikor Sevag} e6 2. g3 b5 3. e4 Bb7 4. Qe2 a6 ({RR} 4... c5 5. Bg2 a6 6. O-O Nf6 7. e5 Nd5 8. b3 Nc6 9. Bb2 Be7 10. Nc3 ({RR} 10. c4 bxc4 11. bxc4 Nb6 12. Nc3 O-O 13. Rab1 d5 14. exd6 Qxd6 15. Ne4 Qc7 16. Rfe1 Rad8) 10... Nxc3 11. dxc3 O-O 12. Rad1 Qc7 13. c4 Rad8 14. h4 ({RR} 14. cxb5 axb5 15. Qxb5 Ra8) 14... f6 15. exf6 Bxf6 16. Bxf6 gxf6 ({RR} 16... Rxf6) 17. cxb5 ({RR} 17. c3 bxc4 ({RR} 17... b4 18. Qe3 Ne7 19. cxb4 cxb4 20. Rfe1) 18. Qxc4) 17... axb5 18. Qxb5 Nb4 19. Qe2 {Kramnik,V (2812)-Carlsen,M (2855) Leuven 2016 CBM 173 [Mekhitarian,Krikor Sevag] 0-1 (54)}) 5. Bg2 Nf6 $146 ({RR} 5... c5 6. O-O d5 7. exd5 Bxd5 8. d3 Nf6 9. Nc3 Bb7 10. Ne4 Be7 11. Ne5 Nxe4 12. dxe4 Qc7 13. Nd3 O-O 14. Be3 c4 15. Nf4 Bc5 16. Rad1 Bxe3 17. Qxe3 Nd7 18. Nh5 Nb6 19. b3 Rad8 20. Rxd8 {Maxwell,D (2116)-Giulian,R (1935) Dunfermline SCO 2024 1-0 (32)}) ({RR} 5... c5 6. O-O Nf6 7. e5 Nd5 8. a4 Nc6 9. Nc3 Ndb4 10. axb5 axb5 11. Rxa8 Bxa8 12. Qxb5 Nxc2 13. Qa4 N6b4 14. d4 cxd4 15. Rd1 Bc6 16. Qa7 dxc3 17. bxc3 Nd5 18. Rd2 Nxc3 19. Rxc2 Nb5 20. Qa4 {Sambuev,B (2448)-Noritsyn,N (2450) Waterloo, QC CAN 2024 1-0 (49)}) 6. e5 Nd5 7. O-O Be7 8. d4 d6 9. a4 b4 10. a5 Nd7 11. Nbd2 O-O 12. Ne4 Qb8 13. c4 bxc3 14. bxc3 dxe5 15. Nxe5 Nxe5 16. dxe5 c5 17. Rb1 Ra7 18. c4 Nb4 19. Bf4 Bxe4 20. Bxe4 Qd8 21. Ra1 Rd7 22. Qg4 Re8 23. Rfd1 Rxd1+ 24. Rxd1 Qxa5 25. Rd7 g6 26. h4 Qa4 27. Rb7 Qa1+ 28. Kg2 Qd4 29. Qf3 f5 30. exf6 Qxf6 31. Qg4 Rf8 32. h5 g5 33. Rxe7 Qxe7 34. Bxg5 Qg7 35. h6 1-0

[Event "Wch Rapid"]
[Site "St Petersburg"]
[Date "2018.12.28"]
[Round "12"]
[White "Grischuk, Alexander"]
[Black "Postny, Evgeny"]
[Result "1-0"]
[WhiteElo "2771"]
[BlackElo "2615"]
[PlyCount "59"]
[EventDate "2018.12.26"]
[EventType "swiss (rapid)"]
[EventRounds "15"]
[EventCountry "RUS"]
[SourceTitle "CBM 187 Extra"]
[Source "ChessBase"]
[SourceDate "2018.11.04"]
[SourceVersion "1"]
[SourceVersionDate "2018.11.04"]
[SourceQuality "1"]

1. Nf3 d5 2. g3 c6 3. Bg2 Bg4 4. O-O Nd7 5. d4 e6 6. c4 Ngf6 7. cxd5 exd5 8. Nc3 Bd6 9. Nh4 Nb6 10. f3 Be6 11. e4 Be7 12. e5 Nfd7 13. f4 Bxh4 14. f5 Bxf5 15. Rxf5 Be7 16. Qg4 g6 17. Rf2 O-O 18. Bh6 f5 $146 ({RR} 18... Re8 19. Raf1 Bf8 20. Bg5 Be7 21. e6 f5 22. Rxf5 gxf5 23. Rxf5 Bxg5 24. Rxg5+ Kh8 25. exd7 Qxd7 26. Qf4 Qe7 27. Re5 Qf8 28. Rf5 Qe7 29. Re5 Qg7 30. Rg5 Rf8 31. Qg4 Qf6 32. h4 Rg8 33. Kh2 {Grigorov,G (2511)-Dobre,C (2298) Chess.com INT 2022 0-1 (81)}) ({RR} 18... Re8 19. Raf1 Bf8 20. Bg5 Be7 21. e6 f5 22. Rxf5 gxf5 23. Rxf5 Bxg5 24. Rxg5+ Kh8 25. exd7 Qxd7 26. Qf4 Qe7 27. Re5 Qf8 28. Rf5 Qe7 29. Re5 Qg7 30. Rg5 Rf8 31. Qg4 Qf6 32. h4 Rg8 33. Kh2 {Grigorov,G (2511)-Dobre,C (2298) Chess.com INT 2022 0-1 (81)}) 19. Qh3 Re8 20. g4 f4 21. Ne2 Bh4 22. Rxf4 Bg5 23. Rf2 Bxh6 24. Qxh6 Rf8 25. Nf4 Qe7 26. g5 Rf5 27. Nxg6 Qxg5 28. Ne7+ Qxe7 29. Rxf5 Nf8 30. Raf1 1-0